<?xml version="1.0" encoding="UTF-8"?>
<record
    xmlns:xsi="http://www.w3.org/2001/XMLSchema-instance"
    xsi:schemaLocation="http://www.loc.gov/MARC21/slim http://www.loc.gov/standards/marcxml/schema/MARC21slim.xsd"
    xmlns="http://www.loc.gov/MARC21/slim">

  <leader>00977nam a22001577a 4500</leader>
  <datafield tag="999" ind1=" " ind2=" ">
    <subfield code="c">60999</subfield>
    <subfield code="d">60999</subfield>
  </datafield>
  <controlfield tag="005">20231205123932.0</controlfield>
  <controlfield tag="008">231205s1985    ru ||||| |||| 00| 0 rus d</controlfield>
  <datafield tag="041" ind1=" " ind2=" ">
    <subfield code="a">rus</subfield>
  </datafield>
  <datafield tag="080" ind1=" " ind2=" ">
    <subfield code="a">069(439.151) &#x411;-90</subfield>
  </datafield>
  <datafield tag="245" ind1=" " ind2=" ">
    <subfield code="a">&#x411;&#x443;&#x434;&#x430;&#x43F;&#x435;&#x448;&#x442;&#x441;&#x43A;&#x438;&#x435; &#x43C;&#x443;&#x437;&#x435;&#x439; : </subfield>
    <subfield code="b">&#x412;&#x435;&#x43D;&#x433;&#x435;&#x440;&#x441;&#x43A;&#x438;&#x439; &#x41D;&#x430;&#x446;&#x438;&#x43E;&#x43D;&#x430;&#x43B;&#x44C;&#x43D;&#x44B;&#x439; &#x43C;&#x443;&#x437;&#x435;&#x439;. &#x41C;&#x443;&#x437;&#x435;&#x439; &#x438;&#x437;&#x43E;&#x431;&#x440;&#x430;&#x437;&#x438;&#x442;&#x435;&#x43B;&#x44C;&#x43D;&#x44B;&#x445; &#x438;&#x441;&#x43A;&#x443;&#x441;&#x441;&#x442;&#x432;. &#x412;&#x435;&#x43D;&#x433;&#x435;&#x440;&#x441;&#x43A;&#x430;&#x44F; &#x41D;&#x430;&#x446;&#x438;&#x43E;&#x43D;&#x430;&#x43B;&#x44C;&#x43D;&#x430;&#x44F; &#x433;&#x430;&#x43B;&#x435;&#x440;&#x435;&#x44F;. &#x41C;&#x443;&#x437;&#x435;&#x439; &#x43F;&#x440;&#x438;&#x43A;&#x43B;&#x430;&#x434;&#x43D;&#x43E;&#x433;&#x43E; &#x438;&#x441;&#x43A;&#x443;&#x441;&#x441;&#x442;&#x432;&#x430;. &#x42D;&#x442;&#x43D;&#x43E;&#x433;&#x440;&#x430;&#x444;&#x438;&#x447;&#x435;&#x441;&#x43A;&#x438;&#x439; &#x43C;&#x443;&#x437;&#x435;&#x439;. &#x41C;&#x443;&#x437;&#x435;&#x439; &#x438;&#x441;&#x442;&#x43E;&#x440;&#x438;&#x438; &#x411;&#x443;&#x434;&#x430;&#x43F;&#x435;&#x448;&#x442;&#x430; : [&#x410;&#x43B;&#x44C;&#x431;&#x43E;&#x43C; &#x440;&#x435;&#x43F;&#x440;&#x43E;&#x434;&#x443;&#x43A;&#x446;&#x438;&#x439;] / </subfield>
    <subfield code="c">&#x41F;&#x435;&#x440;. &#x441; &#x432;&#x435;&#x43D;&#x433;. &#x41C;. &#x41F;&#x43E;&#x433;&#x430;&#x43D;&#x44C;-&#x411;&#x435;&#x440;&#x442;&#x430;&#x43B;&#x430;&#x43D;.</subfield>
  </datafield>
  <datafield tag="264" ind1=" " ind2=" ">
    <subfield code="a">&#x411;&#x443;&#x434;&#x430;&#x43F;&#x435;&#x448;&#x442; : </subfield>
    <subfield code="b">&#x41A;&#x43E;&#x440;&#x432;&#x438;&#x43D;&#x430;, </subfield>
    <subfield code="c">1985.</subfield>
  </datafield>
  <datafield tag="300" ind1=" " ind2=" ">
    <subfield code="a">82 &#x441;. :</subfield>
    <subfield code="b"> &#x438;&#x43B;.</subfield>
    <subfield code="c">29 &#x441;&#x43C;.</subfield>
  </datafield>
  <datafield tag="653" ind1=" " ind2=" ">
    <subfield code="a">&#x10D1;&#x10E3;&#x10D3;&#x10D0;&#x10DE;&#x10D4;&#x10E8;&#x10E2;&#x10D8;&#x10E1; &#x10DB;&#x10E3;&#x10D6;&#x10D4;&#x10E3;&#x10DB;&#x10D4;&#x10D1;&#x10D8;</subfield>
  </datafield>
  <datafield tag="700" ind1=" " ind2=" ">
    <subfield code="a"> &#x41F;&#x43E;&#x433;&#x430;&#x43D;&#x44C;-&#x411;&#x435;&#x440;&#x442;&#x430;&#x43B;&#x430;&#x43D;, &#x41C;.</subfield>
    <subfield code="e">&#x10DB;&#x10D7;&#x10D0;&#x10E0;&#x10D2;&#x10DB;&#x10DC;&#x10D4;&#x10DA;&#x10D8;</subfield>
    <subfield code="9">20586</subfield>
  </datafield>
  <datafield tag="942" ind1=" " ind2=" ">
    <subfield code="2">udc</subfield>
    <subfield code="c">&#x1CAC;&#x1C98;&#x1C92;&#x1C9C;&#x1C98;</subfield>
  </datafield>
  <datafield tag="952" ind1=" " ind2=" ">
    <subfield code="0">0</subfield>
    <subfield code="1">0</subfield>
    <subfield code="2">udc</subfield>
    <subfield code="4">0</subfield>
    <subfield code="6">069439151_&#x411;90</subfield>
    <subfield code="7">0</subfield>
    <subfield code="9">97253</subfield>
    <subfield code="a">CPL</subfield>
    <subfield code="b">CPL</subfield>
    <subfield code="c">GEN</subfield>
    <subfield code="d">2023-12-05</subfield>
    <subfield code="g">14.00</subfield>
    <subfield code="o">069(439.151) &#x411;-90</subfield>
    <subfield code="p">65511</subfield>
    <subfield code="r">2023-12-05</subfield>
    <subfield code="t">65511</subfield>
    <subfield code="u">&#x10D1;&#x10E1;&#x10E3;-&#x10E1; &#x10E1;&#x10D0;&#x10DE;&#x10D0;&#x10E2;&#x10D8;&#x10DD; &#x10D3;&#x10DD;&#x10E5;&#x10E2;&#x10DD;&#x10E0;&#x10D8;&#x10E1; &#x10D2;&#x10E3;&#x10E0;&#x10D0;&#x10DB; &#x10DA;&#x10DD;&#x10E0;&#x10D7;&#x10E5;&#x10D8;&#x10E4;&#x10D0;&#x10DC;&#x10D8;&#x10EB;&#x10D8;&#x10E1; &#x10E1;&#x10D0;&#x10E9;&#x10E3;&#x10E5;&#x10D0;&#x10E0;&#x10D8;</subfield>
    <subfield code="w">2023-12-05</subfield>
    <subfield code="y">&#x1CAC;&#x1C98;&#x1C92;&#x1C9C;&#x1C98;</subfield>
    <subfield code="z">14 &#x10DA;.</subfield>
  </datafield>
</record>
